Statistics for Hottest Countries by Average Temperature

Click here to take the quiz!

General Stats

  • This quiz has been taken 54 times
  • The average score is 10 of 20

Answer Stats

TemperatureCountry% Correct
27.15°Niger
90%
28.25°Mali
76%
28.25°Burkina Faso
73%
27.05°Somalia
71%
27.85°Senegal
67%
27.55°Benin
65%
27.15°Togo
63%
27.65°Mauritania
61%
27.15°Qatar
59%
28.00°Djibouti
57%
27.20°Ghana
57%
27.15°Bahrain
53%
27.65°Maldives
41%
28.20°Kiribati
29%
27.60°Palau
25%
28.00°Tuvalu
25%
27.40°Marshall Islands
22%
27.15°Seychelles
20%
27.00°United Arab Emirates
14%
27.50°The Gambia
2%

Score Distribution

Percentile by Number Answered

Percent of People with Each Score

Your Score History

You have not taken this quiz